LEADER 00915cam0-2200313---450- 001 990004177180403321 005 20161005104742.0 010 $a0-19-866158-4 035 $a000417718 035 $aFED01000417718 035 $a(Aleph)000417718FED01 035 $a000417718 100 $a19990604d1996----km-y0itay50------ba 101 0 $aeng 102 $aGB 105 $aa-------001yy 200 1 $a<>Oxford companion to irish literature$fedited by Robert Welch$gassistant editor Bruce Stewart 210 $aOxford$cClarendon press$d1996 215 $aXXV, 614 p.$c3 ill.$d24 cm 610 0 $aLetteratura inglese$aAutori irlandesi 676 $a820.99415$v22$zita 702 1$aWelch,$bRobert$f<1947- > 702 1$aStewart,$bBruce 801 0$aIT$bUNINA$gRICA$2UNIMARC 901 $aBK 912 $a990004177180403321 952 $a820.994 WEL 1$bBibl.22328$fFLFBC 959 $aFLFBC 997 $aUNINA LEADER 02013nam 2200553 a 450 001 9910954274103321 005 20251116153533.0 010 $a0-19-161270-7 010 $a1-283-29679-9 010 $a9786613296795 035 $a(CKB)24235124500041 035 $a(MiAaPQ)EBC784728 035 $a(MiAaPQ)EBC7035804 035 $a(Au-PeEL)EBL784728 035 $a(CaPaEBR)ebr10501020 035 $a(CaONFJC)MIL329679 035 $a(OCoLC)756484802 035 $a(Au-PeEL)EBL7035804 035 $a(OCoLC)759007086 035 $a(EXLCZ)9924235124500041 100 $a20100609d2011 uy 0 101 0 $aeng 135 $aur||||||||||| 181 $ctxt$2rdacontent 182 $cc$2rdamedia 183 $acr$2rdacarrier 200 04$aThe biolinguistic enterprise $enew perspectives on the evolution and nature of the human language faculty /$fedited by Anna Maria Di Sciullo and Cedric Boeckx 205 $a1st ed. 210 $aOxford ;$aNew York $cOxford University Press$dc2011 215 $axv, 559 p. $cill 225 1 $aOxford linguistics 225 1 $aOxford studies in biolinguistics 320 $aIncludes bibliographical references and index. 327 $apt. 1. Evolution -- pt. 2. Variation -- pt. 3. Computation. 330 $aThis book, by leading scholars, represents some of the main work in progress in biolinguistics. It offers fresh perspectives on language evolution and variation, new developments in theoretical linguistics, and insights on the relations between variation in language and variation in biology. 410 0$aOxford linguistics. 410 0$aOxford studies in biolinguistics. 606 $aBiolinguistics 615 0$aBiolinguistics. 676 $a401 701 $aDi Sciullo$b Anne-Marie$f1951-$01799772 701 $aBoeckx$b Cedric$0304502 801 0$bMiAaPQ 801 1$bMiAaPQ 801 2$bMiAaPQ 906 $aBOOK 912 $a9910954274103321 996 $aThe biolinguistic enterprise$94465050 997 $aUNINA